China's Economic Growth Through the Lens of Cobb-Douglas Production Function – an ARDL Approach

Odhad vplyvu vybraných faktorov na rast čínskej ekonomiky na údajoch z obdobia 1982-2017. Vplyv otvorenosti obchodu na ekonomický rast. Celková produktivita faktorov (TFP, total factor productivity).

Guardado en:
Detalles Bibliográficos
Autor principal: Bronček, Juraj
Formato: Capítulo de libro
Lenguaje:inglés
Materias:
Etiquetas: Agregar Etiqueta
Sin Etiquetas, Sea el primero en etiquetar este registro!

MARC

LEADER 00000naa$a2200000$$$4500
001 0253379
005 20240502083724.4
041 0 |a eng 
044 |a CZ 
245 1 0 |a China's Economic Growth Through the Lens of Cobb-Douglas Production Function – an ARDL Approach  |c Juraj Bronček 
520 |a Odhad vplyvu vybraných faktorov na rast čínskej ekonomiky na údajoch z obdobia 1982-2017. Vplyv otvorenosti obchodu na ekonomický rast. Celková produktivita faktorov (TFP, total factor productivity). 
610 2 0 |a rast hospodársky 
610 2 0 |a rast hospodársky intenzívny 
610 2 0 |a hospodárstvo otvorené 
610 2 0 |a Čína 
610 2 0 |a funkcie produkčné 
610 2 0 |a modelovanie 
610 2 0 |a produktivita kapitálu 
610 2 0 |a produktivita práce 
610 2 0 |a produktivita 
610 2 0 |a obchod medzinárodný 
610 2 0 |a investície priame zahraničné 
610 2 0 |a analýza empirická 
100 1 |a Bronček, Juraj